[Event "FIDE Candidates 2018"]
[Site "Berlin GER"]
[Date "2018.03.16"]
[Round "6"]
[White "Caruana, Fabiano"]
[Black "Grischuk, Alexander"]
[Result "1/2-1/2"]
[WhiteElo "2784"]
[BlackElo "2767"]
[PlyCount "71"]
[EventDate "2018.03.10"]

1. d4 Nf6 2. c4 g6 3. Nf3 Bg7 4. e3 O-O 5. Be2 c5 (5... d5 6. cxd5 Nxd5 7. e4
Nb6 8. O-O Bg4 9. Nbd2 $1 {was one of Grischuk's ideas when he played this
system as White.}) 6. d5 e6 7. Nc3 exd5 (7... b6 8. O-O exd5 9. cxd5 Re8 10.
Nd2 Ba6 11. Re1 d6 12. e4 Qc8 13. a4 c4 {Nakamura,H (2787)-Nepomniachtchi,I 
(2751) Moscow 2018}) 8. cxd5 d6 9. Nd2 Na6 10. O-O Nc7 11. e4 Re8 12. a4 Rb8
13. f3 a6 14. a5 Bd7 15. Nc4 Bb5 16. Bg5 {"A very nice move" (Grischuk) which
prevents ...Nd7.} Bxc4 17. Bxc4 b5 18. axb6 Rxb6 19. Na4 $146 (19. Qc2 h6 20.
Bh4 g5 21. Bf2 Nd7 22. Ra2 Qf6 23. Be2 Reb8 24. Be3 Ne5 {Hamitevici,V (2430)
-Jumabayev,R (2599) London 2015}) ({Also interesting was} 19. f4 Rxb2 20. e5
dxe5 21. f5 e4 (21... Rb4 $5) 22. d6 Nb5 23. fxg6 hxg6 24. Nd5 Re6 25. Nxf6+
Rxf6 {and here the players missed the killer move} 26. Bxf7+ $1 Kxf7 27. Qd5+
Kf8 28. Rxf6+ Bxf6 29. Bh6+ Ke8 30. Qe6+ Be7 31. d7+ Qxd7 32. Qg8+) 19... Rb4 (
{Grischuk didn't like} 19... Rb7 20. Qd3 Qb8 21. Rae1) 20. b3 Qc8 (20... Qb8
21. Bf4) 21. Bf4 ({Grischuk also suggested} 21. Nxc5 dxc5 22. d6 Nb5 (22... Rd8
23. e5) 23. Bxf6 Bxf6 24. d7 Bd4+ 25. Qxd4 Nxd4 26. dxc8=Q Rxc8 27. Ra3 Rcb8 (
27... Rd8) (27... Nc2) 28. Rxa6 Nxb3 29. Bd5 {Grischuk}) (21. Ra2 Nd7 22. Nb2
Ne5 23. Nd3 Nxc4 24. Nxb4 Nb2 25. Rxb2 Bxb2 26. Nc6 Qd7 {Caruana}) 21... Qd7 (
21... Nh5 $5 22. Bxd6 Nb5 23. Nb6 Qb7 24. Bxc5 Nc3 25. Qd2 Rxb6 26. Kh1 {
Caruana}) 22. Ra2 Nh5 23. Be3 Rbb8 24. Qd2 Nb5 25. g4 ({Also here Grischuk
seriously considered} 25. Nxc5 dxc5 26. Bxc5 {("This looks so desparate." -
Caruana)}) 25... Nf6 26. Nb2 Qc8 (26... Nxe4 27. fxe4 Nc3 {"and the computer
is showing zeros," said FIDE's Nastja Karlovich. Caruana: "If the computer is
showing zeros it's probably winning for Back."}) 27. Bf4 Nd7 (27... Rb6 28. Bd3
(28. Na4)) 28. Bxb5 axb5 29. Bxd6 Rb6 30. Bg3 c4 31. bxc4 (31. Qc2 $5 Ra6 32.
Rxa6 Qxa6 33. bxc4 bxc4 {Grischuk: "I thought at least practically it's very
nice. Against computer you are going to lose any position so it also doesn't
matter."}) 31... bxc4 {Grischuk thought he had great compensation here but he
had missed...} 32. Qe2 $1 {when...} Rb4 {was the only move, he thought.} (32...
c3 33. Nc4 Rb4 {Caruana}) 33. Bd6 ({If White wants to continue (which he
should, according to engines) it's with} 33. Rc1 c3 34. Nd3 (34. Nd1 f5 {
didn't look appealing to Caruana in time trouble}) 34... Rc4 {when Caruana
didn't see a move.}) 33... Rb6 34. Bg3 Rb4 35. Bd6 Rb6 36. Bg3 1/2-1/2

[Event "FIDE Candidates 2018"]
[Site "Berlin GER"]
[Date "2018.03.18"]
[Round "7.3"]
[White "Grischuk, Alexander"]
[Black "Mamedyarov, Shakhriyar"]
[Result "1/2-1/2"]
[WhiteElo "2767"]
[BlackElo "2809"]
[PlyCount "31"]
[EventDate "2018.03.10"]

1. d4 Nf6 2. c4 e6 3. Nf3 d5 4. Nc3 Bb4 5. Bg5 h6 {Mamedyarov said he played
this for the first time.} 6. Bh4 g5 7. Bg3 Ne4 8. Qc2 h5 9. h3 Nc6 (9... c6 10.
e3 Qa5 11. Nd2 Nxg3 12. fxg3 Qc7 13. O-O-O Qxg3 14. e4 Nd7 {Matlakov,M (2691)
-Yu,Y (2737) Moscow 2016}) 10. e3 Bxc3+ 11. bxc3 Nxg3 12. fxg3 Qd6 13. Qf2 $146
(13. Kf2 h4 14. g4 Bd7 15. Bd3 Qg3+ 16. Kf1 dxc4 17. Bxc4 Rg8 {Azmaiparashvili,
Z (2650)-Nikolaidis,I (2565) Pula 1997}) 13... Qa3 14. Qc2 Qd6 15. Qf2 Qa3 16.
Qc2 1/2-1/2

[Event "FIDE Candidates 2018"]
[Site "Berlin GER"]
[Date "2018.03.18"]
[Round "7.1"]
[White "Karjakin, Sergey"]
[Black "So, Wesley"]
[Result "1-0"]
[WhiteElo "2763"]
[BlackElo "2799"]
[PlyCount "80"]
[EventDate "2018.03.10"]

1. d4 Nf6 2. c4 e6 3. Nc3 Bb4 4. e3 O-O 5. Nf3 d5 6. Bd2 c5 7. a3 cxd4 {
Karjakin was surprised by this.} (7... Bxc3 8. Bxc3 Ne4 9. Rc1 Nxc3 10. Rxc3
cxd4 11. Nxd4 dxc4 12. Bxc4 Bd7 13. O-O Nc6 {Riazantsev,A (2671)-Inarkiev,E 
(2709) Doha 2016}) 8. axb4 dxc3 9. Bxc3 dxc4 10. Bxc4 Qxd1+ 11. Kxd1 $146 (11.
Rxd1 Bd7 12. Ne5 Rc8 13. Be2 Ba4 14. Ra1 Be8 15. Nc4 Nbd7 16. Nd6 Rcb8 {
Sandipan,C (2569)-Visakh,N (2389) Kolkata 2015}) 11... Bd7 12. Ke2 Rc8 13. Bd3
Nd5 14. Ne5 Be8 {"I realized I don't have anything." (Karjakin)} 15. Bd2 f6 16.
Nc4 Rd8 17. Rhc1 Nc6 18. Be4 Ndxb4 (18... a6 19. b5 $5 {Karjakin}) 19. Bxb4
Nxb4 20. Bxb7 Rab8 21. Rxa7 Rd7 22. Na5 Nd3 23. Rd1 Nxb2 24. Rxd7 Bxd7 25. Bc6
Bxc6 26. Nxc6 Re8 (26... Rb6 27. Nd4 Nc4 {seemed easier to Karjakin.}) 27. e4
Nc4 28. Kd3 Nd6 29. f4 Kf8 30. e5 fxe5 31. fxe5 Nf5 (31... Nf7 32. Kc4 Nd8 33.
Nd4 Nf7 {Karjakin}) 32. g4 Nh4 33. Kc4 Nf3 34. Ra2 Rc8 35. Kb5 Ke8 $4 ({As
Karjakin pointed out, the way to draw was} 35... Rc7 $1 36. Kb6 (36. Rf2 Rf7)
36... Rd7 37. Rf2 Rd3) 36. Kb6 $1 g5 37. h3 Nxe5 38. Nxe5 Rc3 39. Rh2 Ke7 40.
Kb5 Re3 {So lost on time here but according to Karjakin it was a technical win
for White.} 1-0

[Event "FIDE Candidates 2018"]
[Site "Berlin GER"]
[Date "2018.03.18"]
[Round "7.2"]
[White "Aronian, Levon"]
[Black "Caruana, Fabiano"]
[Result "0-1"]
[WhiteElo "2794"]
[BlackElo "2784"]
[PlyCount "74"]
[EventDate "2018.03.10"]

1. d4 Nf6 2. c4 e6 3. Nf3 d5 4. Nc3 dxc4 5. e4 Bb4 6. Bg5 h6 7. Bxf6 Qxf6 8.
Bxc4 c5 9. O-O cxd4 10. e5 Qd8 11. Ne4 O-O 12. Qe2 Be7 13. Rad1 ({White can
also place the other rook on d1, as in this fascinating game:} 13. Rfd1 Qa5 14.
Ng3 Rd8 15. Qe4 Nd7 16. Bd3 Nf8 17. Nh5 Bd7 18. Qg4 g6 19. Nf4 Bc6 20. Bxg6
fxg6 21. Nxg6 Bxf3 22. Nxe7+ Kf7 23. Qxf3+ Kxe7 24. Qf6+ Ke8 25. Rd3 Rd7 26.
Rf3 Qc5 27. Qxh6 Rc8 28. Qh5+ Kd8 29. Qg5+ Ke8 30. Qh5+ Kd8 31. Qg5+ {1/2-1/2 
(31) Grandelius,N (2653)-Bluebaum,M (2643) Germany 2018}) 13... Qc7 14. Bd3
$146 {A novelty, which is backed up by deep opening preparation.} ({White did
not get much in this game:} 14. Ng3 Rd8 15. Nh5 g6 16. Nf4 Nc6 17. Qe4 Bf8 18.
h4 Bg7 19. Rfe1 Bd7 20. Bd3 Be8 {Moiseenko,A (2671)-Meier,G (2644) Jerusalem
2017}) 14... Nd7 15. Rc1 Qa5 16. g4 {"A complete surprise" (Caruana). Albeit
typical, Aronian's idea is nevertheless very impressive. It is very obvious
that White needs to attack on the kingside. But as we have seen in the games
from above the pure piece attack with the heavy pieces lifts leads White
nowhere. Aronian wants to clear the road for them. This is risky for two
reasons: it gives Caruana time to finish his development and opens the white
king as well. And of course, it drops another pawn.} Nxe5 17. Nxe5 Qxe5 18. f4
Qa5 $1 {The best square for the queen.} (18... Qd5 {"does not work" (Caruana,
Aronian) due to the beautiful idea} 19. g5 Bd7 20. gxh6 gxh6 21. Rc5 $1 {
"always an annoying resource" (Caruana)} Bxc5 22. Nf6+) 19. g5 Qd8 ({Both
players agreed that the other defensive set up} 19... g6 20. h4 h5 {is not
good for Black after} 21. Ng3 {with the f4-f5 ideas in the air as well as the
knight sacrifice on h5.}) 20. h4 ({Later on Aronian regretted that he did not
lift the rook:} 20. Rf3 {[%cal Gf3g3]} Bd7 21. Rg3 Bc6 22. gxh6 g6 {which
would have helped him to establish a strong attacking knight on g5.} 23. Ng5 {
"I wanted to place the knight like that later" (Aronian)} Qd5 24. Kf2 {[%cal
Gh2h4,Gh4h5] Intending h2-h4-h5. It is not clear how strong White's attack is
but it is definitely dangerous.}) 20... Bd7 21. gxh6 g6 {Missed by White.} ({
He expected} 21... f5 {instead when after} 22. Ng5 Bxg5 23. hxg7 {both} Kxg7 ({
As well as the exchange sacrifice} 23... Bh6 24. gxf8=Q+ Kxf8 25. Rf3 {which
is also unclear.}) 24. hxg5 Qb8 25. Bb5 {lead to unclear game which Aronian
considered favorable for him.}) 22. h5 {The most straightforward way to
continue the attack.} ({Although} 22. Ng5 $5 {deserved attention as well, to
which Caruana intended the prophylactic move} Kh8) 22... Kh8 {Another useful
prophylactic move.} 23. Kh2 {Aronian did not like his choice right after the
game. The move clears the road for the heavy pieces on the g-file, but is slow.
} ({The obvious continuation} 23. hxg6 fxg6 24. Qg4 ({Instead} 24. Nc5 Bxc5 25.
Rxc5 Bc6 26. Rg5 {is approximately equal.}) {was not to Aronian's liking as
his opponent can start bugging him on the other side with} 24... Rc8) 23... Bc6
24. Rf3 {Perhaps this is the real mistake.} ({Caruana expected the following:} 
24. hxg6 fxg6 25. Qg4 Qd5 (25... Bxe4 26. Bxe4 Bd6 {might be interesting as
well, albeit risky.}) 26. Rc5 $1 ({Here they both saw the brilliancy} 26. Rxc6
bxc6 27. Qxg6 Rg8 28. Qf7 Raf8 29. Ng5 $1 {seems like mate-} Rxf7 ({Until one
discovers the counter-brilliancy} 29... Qg2+ $3 30. Kxg2 Rxf7 {and the king is
pinned (Aronian, Caruana)}) 30. Nxf7#) 26... Bxc5 27. Qxg6 Qd7 28. Nxc5 Qe7 29.
Qg7+ $1 Qxg7 30. hxg7+ Kxg7 31. Nxe6+ {with a draw. Objectively, this was the
best that White could do.}) 24... Bd6 ({Caruana discarded} 24... Qd5 {since
after} 25. Rg3 Qxh5+ 26. Qxh5 gxh5 27. Rg7 {"White has enough for the pawn."
Still} f5 $1 {seems promising for the second player. For example} 28. Rxe7 fxe4
29. Rxc6 bxc6 30. Bxe4 Rxf4 {when the compensation should not be enough.}) 25.
Qf2 Bc7 $1 {Caruana liked the bishop here.} 26. Kh3 Qe7 {A strong resource,
missed by Aronian.} (26... Qd5 27. Rc5 $1) 27. Ng5 {Finally, the knight lands
on g5, but it is a bit late.} ({Maybe} 27. Rg1 Rg8 28. Rfg3 {was White's best
hope.}) 27... e5 $1 {Central powerplay.} ({But not} 27... Bxf3 28. Qxf3 Bd6 29.
Qe4 {when White gets all then light squares.}) 28. Rxc6 $1 {Not even thinking
about a retreat.} bxc6 29. Nxf7+ Rxf7 30. hxg6 {White is down a rook but his
pawns look scary!} Rf6 {Surprisingly, this should have led to a draw.} ({
Aronian felt too pessimistic at this stage of the game and believed that Black
is winning after} 30... Rxf4 $1 31. Rxf4 exf4 {but things are not that simple
and White can escape after} 32. Qxd4+ (32. Qc2 Qe6+ {wins for Black after} 33.
Kg2 f3+ $1 34. Kxf3 Rf8+ {and mate.}) 32... Qe5 33. g7+ Kg8 {and now} 34. Bc4+
({Not} 34. Qd7 Qh5+ 35. Kg2 Qd5+ {(Aronian)}) 34... Kh7 35. Qd3+ Kxh6 36. g8=Q
Rxg8 37. Bxg8 {with likely draw.}) 31. g7+ Kg8 32. Bc4+ ({The drawing line was
} 32. Qh4 $1 e4 33. h7+ ({Not} 33. Bxe4 $2 Qxe4) 33... Kxg7 34. Rg3+ Kh8 35.
Rg8+ $1 Rxg8 36. hxg8=Q+ Kxg8 37. Bc4+ Kg7 38. Qg5+ {when Black cannot escape
the perpetual-} Kh7 (38... Kf8 $4 39. Qg8#) 39. Qg8+ Kh6 40. Qg5+) 32... Kh7 {
Now Black wins.} 33. Qh4 e4 34. Rg3 Bxf4 35. g8=Q+ (35. Rb3 {loses to} Rxh6)
35... Rxg8 36. Bxg8+ Kh8 37. Rg7 Qf8 $1 ({Avoiding the last trap:} 37... Qd6
38. Rh7+ Kxg8 39. Qg4+ Rg6 40. Rg7+ $1 {and Black gets checkmated.}) 0-1

[Event "FIDE Candidates 2018"]
[Site "Berlin GER"]
[Date "2018.03.18"]
[Round "7.4"]
[White "Kramnik, Vladimir"]
[Black "Ding, Liren"]
[Result "1/2-1/2"]
[WhiteElo "2800"]
[BlackElo "2769"]
[PlyCount "147"]
[EventDate "2018.03.10"]

1. c4 Nf6 2. Nc3 e5 3. Nf3 Nc6 4. d3 g6 5. g3 Bg7 6. Bg2 O-O 7. O-O d6 8. b3 (
8. Rb1 a5 9. a3 Re8 10. Nd2 Be6 11. Nd5 Qd7 12. Nxf6+ Bxf6 13. Ne4 Bg7 14. Bh6
Bh3 {Iturrizaga Bonelli,E (2650)-Mamedyarov,S (2804) chess.com INT 2018}) 8...
Nd4 9. Nd2 c6 10. e3 Ne6 11. Bb2 $146 ({Voorganger (4):} 11. Ba3 Re8 12. Nde4
Nxe4 13. dxe4 Qa5 14. Bb2 Qc7 15. Qd2 Nc5 {Malakhov,V (2694)-Ding,L (2710)
China 2014}) 11... Nc5 12. Qc2 a5 13. Rae1 Re8 14. h3 Bf5 15. e4 Bd7 16. Ne2 b5
17. d4 exd4 18. Nxd4 (18. Bxd4 bxc4 19. Bxc5 cxb3 20. Nxb3 dxc5 21. Nxc5 Bc8)
18... Rc8 19. N4f3 $2 {"A blunder." (Kramnik)} ({Kramnik though he had a good
version of a King's Indian but Ding wasn't so sure after e.g.} 19. Re3 d5)
19... d5 $1 {Missed by Kramnik.} 20. exd5 Rxe1 21. Rxe1 cxd5 (21... Bf5 22. Qd1
Nd3 {was also interesting.}) 22. cxb5 Bf5 23. Qd1 Nd3 24. Bd4 Rc1 (24... Nxe1)
(24... Ne4 $5) 25. Qxc1 Nxc1 26. Rxc1 Ne4 27. Nf1 {A move Ding missed. Also
here Kramnik thought he was better and Ding did not agree.} Bxd4 28. Nxd4 Qb6 (
28... Bd7 $5 {Ding} 29. Bxe4 dxe4 30. Ne3 Qb6 31. Rc4) 29. Bxe4 dxe4 (29...
Bxh3 $5 30. Bxd5 Qxd4) ({Kramnik was also very optimistic after} 29... Bxe4 30.
Rd1 {but Ding played like the computer does:} a4 31. bxa4 (31. b4 a3 32. Ne3
Qd6) 31... Qa7) 30. Nxf5 gxf5 31. a4 Qe6 32. Ne3 $6 (32. Rc3 h5 33. h4 {Kramnik
}) 32... Qxb3 33. Rc4 (33. Nxf5 h5 34. Rc7 Kh7) 33... h5 34. h4 Kh7 35. Kg2 f6
36. Rd4 Kg6 37. Rc4 Kf7 38. Kh2 Kg6 39. Kg1 Qb1+ 40. Kg2 Qb3 41. Rd4 Kf7 42.
Rd5 Qxa4 43. Rxf5 Kg6 44. b6 (44. g4 hxg4 45. h5+ Kh7 46. Rc5 (46. Nxg4 e3)
46... Qb3) 44... Qb3 45. Rxa5 Qxb6 46. Rd5 Qb2 47. Rf5 Qa2 48. Rc5 Qe2 49. Rc4
Qa2 50. Rb4 Qa5 51. Rb8 Qa2 52. Rd8 Qa5 53. Rd5 Qa2 54. Rf5 Qe6 55. Rd5 Qa6 56.
g4 hxg4 57. h5+ Kf7 58. Rd7+ Ke6 59. Rg7 Qe2 60. h6 Qf3+ 61. Kg1 g3 62. Rxg3
Qh5 63. Rg7 f5 64. h7 f4 65. Ng4 Qh3 66. Rg6+ Kf5 67. Rg7 Ke6 68. Rg6+ Kf5 69.
Nh6+ Kxg6 70. h8=Q Qxh6 71. Qe8+ Kf5 72. Qb5+ Kg4 73. Qe2+ Kf5 74. Qb5+ 1/2-1/2

[Event "FIDE Candidates 2018"]
[Site "Berlin GER"]
[Date "2018.03.19"]
[Round "8"]
[White "Mamedyarov, Shakhriyar"]
[Black "Karjakin, Sergey"]
[Result "1/2-1/2"]
[WhiteElo "2809"]
[BlackElo "2763"]
[PlyCount "60"]
[EventDate "2018.03.10"]

1. d4 Nf6 2. c4 e6 3. Nf3 d5 4. g3 Be7 5. Bg2 O-O 6. O-O dxc4 7. Qc2 c6 {Here
Mamedyarov's prep ended.} (7... a6 8. a4 Bd7 9. Qxc4 Bc6 10. Bg5 h6 11. Bxf6
Bxf6 12. Nc3 Bxf3 13. Bxf3 Qxd4 14. Qxc7 Nc6 {Mamedyarov,S (2804)-Wei,Y (2743)
Wijk aan Zee 2018}) 8. a4 b6 9. Nbd2 Bb7 10. Nxc4 c5 $146 (10... Nbd7 11. Rd1
Rc8 12. Nfe5 Nd5 13. Qb3 Ba6 14. e4 N5f6 15. Bg5 h6 16. Bxf6 Nxf6 17. Rac1 Qc7
{Poulopoulos,I (2212)-Erenberg,A (2359) Pardubice 2016}) 11. Rd1 Nbd7 12. b3 {
The first small surprise for Karjakin.} Rc8 (12... Be4 13. Qb2 cxd4 14. Nxd4
Bxg2 15. Kxg2) 13. dxc5 ({Karjakin expected} 13. Bf4 cxd4 14. Qb2 (14. Nxd4 $2
Bxg2 15. Kxg2 e5)) 13... Bxc5 14. Nfe5 Bxg2 15. Kxg2 Qc7 16. Nxd7 Nxd7 (16...
Qb7+ 17. f3 Nxd7 18. e4) 17. Qe4 Nf6 18. Qf3 Qc6 19. Qxc6 Rxc6 20. f3 (20. Rd3
$5 Rfc8 21. Bb2 Kf8 22. Rad1 {Mamedyarov}) 20... Rfc8 21. e4 Kf8 22. Bf4 Be7
23. Rd3 Rd8 24. Rxd8+ Bxd8 25. Rd1 Be7 26. Ne5 Rc2+ 27. Rd2 Rc3 28. Rd3 Rc2+
29. Rd2 Rc3 30. Rd3 Rc2+ 1/2-1/2

[Event "FIDE Candidates 2018"]
[Site "Berlin GER"]
[Date "2018.03.19"]
[Round "8"]
[White "Ding, Liren"]
[Black "Aronian, Levon"]
[Result "1/2-1/2"]
[WhiteElo "2769"]
[BlackElo "2794"]
[PlyCount "81"]
[EventDate "2018.03.10"]

1. c4 Nf6 2. g3 e6 3. Bg2 d5 4. Nf3 dxc4 5. Qa4+ Bd7 6. Qxc4 c5 7. d4 Bc6 8.
dxc5 Nbd7 9. Be3 Bd5 10. Qc2 Be4 11. Qc1 Ng4 $146 (11... Bxc5 12. Bxc5 Rc8 13.
b4 b6 14. Nc3 bxc5 15. Nxe4 Nxe4 16. Qc4 Nef6 {Zhou,J (2566)-Adams,M (2729)
Khanty-Mansiysk 2007}) 12. b4 {"This came as a surprise. I thought this
shouldn't work." (Aronian)} (12. O-O Bxf3 (12... Nxe3 13. Qxe3 Bxb1 14. c6) 13.
Bg5 Bxg2 14. Bxd8 Bxf1 15. Ba5) 12... a5 13. Bg5 {"Good move." (Aronian)} f6
14. Bd2 (14. Nbd2 $5 Bc6 (14... Bxf3 15. Bxf3 Nge5 16. Bxb7 fxg5 17. c6) 15.
Qc4 Nxf2 16. O-O) (14. Qc4 Nxf2 15. Kxf2 Bd5 {Ding}) 14... axb4 15. Bxb4 Nxc5
16. Bxc5 Rc8 {"I felt this position should be good for Black." (Aronian)} ({
Aronian wasn't sure about} 16... Qa5+ 17. Nbd2 Bxc5 18. O-O Nxf2 19. Rxf2) 17.
Qc4 (17. Qf4 Bxc5 18. Qxg4 f5 19. Qxg7 Bf8 20. Qb2 Bg7 {Aronian}) 17... Bxc5
18. Qxe6+ Kf8 {Aronian thought this was OK for Black. "I promised my team to
play solid today!"} 19. Qxg4 Bb4+ 20. Nbd2 Bxd2+ 21. Nxd2 Bxg2 22. Rg1 Bd5 (
22... Bc6 {Aronian}) 23. Rd1 Qc7 24. Ne4 $1 {Missed by Aronian.} Rd8 (24...
Bxa2 $5) 25. f3 Qe5 (25... Kf7 $6 26. Ng5+ $1) 26. Qf4 Qxf4 27. gxf4 Kf7 28.
Nc3 Bc4 29. a4 (29. Rb1 b5 30. Nxb5 Rhe8 31. Nc3 Re3 32. Rc1 Rde8) 29... Rxd1+
30. Kxd1 Rd8+ 31. Kc2 Rc8 32. Kd2 Ba6 33. Ne4 Kf8 34. f5 Rd8+ 35. Ke3 Rd5 36.
Rc1 (36. Ng3 Ra5 37. Rc1 Rxa4 38. Rc8+ Kf7 39. Rc7+ Kf8 40. Nh5 Ra2 41. Nf4 Kg8
{"If I don't get mated I will make a draw." (Aronian)}) 36... Rxf5 37. Rc8+ Ke7
38. Rc7+ Kf8 39. Rc8+ Ke7 40. Rc7+ Kf8 41. Rc8+ 1/2-1/2

[Event "FIDE Candidates 2018"]
[Site "Berlin GER"]
[Date "2018.03.19"]
[Round "8"]
[White "So, Wesley"]
[Black "Caruana, Fabiano"]
[Result "1/2-1/2"]
[WhiteElo "2799"]
[BlackElo "2784"]
[PlyCount "129"]
[EventDate "2018.03.10"]

1. e4 e5 2. Nf3 Nf6 3. Nxe5 d6 4. Nf3 Nxe4 5. Qe2 Qe7 6. d3 (6. Nc3 Nxc3 7.
dxc3 Qxe2+ 8. Bxe2 Nc6 9. Be3 Be7 10. O-O-O O-O 11. Rhe1 Bf6 12. Nd2 Re8 {
Kramnik,V (2800)-Caruana,F (2784) Berlin GER 2018}) 6... Nf6 7. Nc3 Qxe2+ 8.
Bxe2 g6 9. Bg5 (9. Nd4 a6 10. Bf4 Bg7 11. h3 Bd7 12. Bf3 Nc6 13. Nxc6 Bxc6 14.
Bxc6+ bxc6 {Carlsen,M (2834)-Caruana,F (2811) Wijk aan Zee 2018}) 9... Bg7 10.
O-O-O O-O $146 (10... h6 11. Bd2 Bd7 12. Rde1 O-O 13. Bd1 a6 14. Ne4 Nxe4 15.
Rxe4 Nc6 {Foisor,C (2427)-Foisor,M (2217) Warsaw 2011}) 11. Rhe1 h6 12. Bh4 {
So regretted this as the bishop will be badly placed. "I should play better
earlier on."} (12. Be3 Ng4) 12... Nc6 {Caruana Black was aleady more
comfortable here.} 13. d4 a6 14. a3 Bd7 15. d5 Na7 (15... Ne7 16. Bxa6) 16. Nd4
Nc8 17. Nb3 (17. f3 Re8 18. Bf2) 17... g5 (17... Re8 18. f3) 18. Bg3 Re8 19.
Na5 (19. f3 Nh5 20. Bf2 Nf4 21. Bf1 Nb6) 19... b5 {"Principled." (Caruana)} ({
Caruana was surprised about Na5 until he saw} 19... b6 20. Nc4 Ne7 21. Ne3 {
and the knight is well placed on e3.}) 20. f3 Nh5 21. Bf2 Nf4 22. Bf1 Nb6 (
22... Rxe1 23. Bxe1 Nb6 24. g3 Bxc3 25. Bxc3 Nfxd5 26. Bd4 {with enough
compesation.}) 23. Rxe8+ Rxe8 24. Bxb6 cxb6 25. Nb7 {"Very critical but also
risky for White." (Caruana)} Be5 (25... Bxc3 $5 26. bxc3 Re5 27. Nxd6 (27. c4
bxc4 28. Bxc4 Nxg2 29. Nxd6) 27... Nxd5 28. Ne4 Bc6 29. c4) 26. Ne4 Rb8 27.
Nexd6 Ng6 28. g3 Ne7 29. a4 Nf5 (29... Nc8 30. Nxc8 Rxc8 31. axb5 axb5 32. d6
Rb8 33. Bg2 {Caruana}) 30. Nxf5 Bxf5 31. Re1 f6 32. Rxe5 fxe5 33. Nd6 Bd7 34.
axb5 axb5 (34... a5 $5 35. Bd3 Kg7 36. Kd2 Kf6 {is also OK for White.}) 35.
Bxb5 Bxb5 36. Nxb5 Rf8 37. Kd2 Rxf3 38. Ke2 g4 39. Nd6 h5 40. Nc4 b5 41. Nxe5
Rf5 42. Ng6 Kf7 43. Nf4 h4 {This knight move, which reminds of Karpov's famous
Ng2 against Kasparov, "completely shocked" Caruana.} 44. Ng2 $5 (44. Ke3 Re5+ (
44... h3 $5) 45. Kd4 (45. Kd2) 45... Re1 46. gxh4 Rh1 {Caruana}) 44... hxg3 45.
hxg3 Rf3 (45... Rxd5 46. Ne3) 46. Ne3 Rxg3 47. c4 bxc4 48. d6 (48. Nxc4 Kf6 49.
d6 Rh3 50. d7 Rh8 {Caruana}) 48... Ke6 49. Nxc4 Rf3 50. d7 {With some accurate
moves So is going for a rather clear draw.} Rf8 51. Ne3 g3 52. d8=Q Rxd8 53.
Kf3 Rd3 54. Kf4 Rb3 55. Ng2 Kd5 56. Nh4 Kc4 57. Kg4 Rd3 58. b4 Rb3 59. b5 Kd5
60. b6 Ke4 61. b7 Rxb7 62. Kxg3 Rg7+ 63. Kf2 Rg4 64. Ng2 Rxg2+ 65. Kxg2 1/2-1/2